Vẻ đẹp của các đường cong thiên nhiên

Giới thiệu những kiến thức cơ bản của hình học fractal. Các dạng đường cong: đường cong Von Koch, Minkowski, Peano...

محفوظ في:
التفاصيل البيبلوغرافية
المؤلف الرئيسي: Phạm, Viết Dần
التنسيق: كتاب
اللغة:Undetermined
منشور في: Hà Nội Giáo dục 2009
الموضوعات:
الوسوم: إضافة وسم
لا توجد وسوم, كن أول من يضع وسما على هذه التسجيلة!
Thư viện lưu trữ: Trung tâm Học liệu Trường Đại học Cần Thơ
LEADER 00724nam a2200205Ia 4500
001 CTU_197177
008 210402s9999 xx 000 0 und d
020 |c 18500 
082 |a 516 
082 |b D121 
100 |a Phạm, Viết Dần 
245 0 |a Vẻ đẹp của các đường cong thiên nhiên 
245 0 |c Phạm Viết Dần 
260 |a Hà Nội 
260 |b Giáo dục 
260 |c 2009 
520 |a Giới thiệu những kiến thức cơ bản của hình học fractal. Các dạng đường cong: đường cong Von Koch, Minkowski, Peano... 
650 |a Geometry,Hình học 
904 |i Hải 
980 |a Trung tâm Học liệu Trường Đại học Cần Thơ